[Event "1MCR_3DE_1L_3S"]
[Site "?"]
[Date "2005.??.??"]
[Round "3"]
[White "Mikoska, Josef"]
[Black "Glaser, Karel"]
[Result "1-0"]
[WhiteElo "2134"]
[BlackElo "2039"]
[PlyCount "149"]
[EventDate "2005.??.??"]
[EventType "corr"]
[SourceDate "2005.03.20"]

1. e4 e5 2. Nf3 Nc6 3. Bb5 a6 4. Ba4 Nf6 5. O-O Be7 6. Re1 b5 7. Bb3 d6 8. c3
O-O 9. h3 Na5 10. Bc2 c5 11. d4 Qc7 12. Nbd2 Nc6 13. d5 Nd8 14. a4 Rb8 15. b4
Ne8 16. axb5 axb5 17. Nf1 Nb7 18. Be3 Bd7 19. Ng3 Nf6 20. Nh4 g6 21. Nf3 Ra8
22. Qd2 Rfb8 23. Red1 Bf8 24. Rdb1 Bg7 25. Bd3 Qc8 26. Qe2 c4 27. Bc2 Rxa1 28.
Rxa1 Ra8 29. Qd1 h6 30. Bb6 Kh7 31. Nd2 Ng8 32. Ndf1 Ne7 33. Ne3 Kg8 34. Rxa8
Qxa8 35. Qb1 Qa6 36. Bc7 Kf8 37. Qe1 Ng8 38. Nef1 h5 39. f3 Qa7+ 40. Qe3 Qxe3+
41. Nxe3 Bh6 42. Bb6 Ne7 43. Nd1 h4 44. Nf1 Bf4 45. Kf2 Kg7 46. Ke2 Kh6 47.
Nde3 Kg5 48. Nd2 f6 49. Ndxc4 bxc4 50. Nxc4 Nc8 51. Bf2 Nd8 52. Na5 f5 53. Bd3
Bg3 54. Bg1 fxe4 55. fxe4 Kf6 56. b5 g5 57. b6 g4 58. hxg4 Bxg4+ 59. Kd2 Bf4+
60. Kc2 Bd7 61. b7 Nxb7 62. Nxb7 Ba4+ 63. Kb2 Bd7 64. c4 Kg5 65. c5 dxc5 66.
Nxc5 Bg4 67. Nb7 Bd2 68. Kc2 Bb4 69. Be3+ Kf6 70. Kb3 Bf8 71. Kc4 Kf7 72. Bc5
Ne7 73. Kb5 Ng6 74. Bf1 Bh6 75. Kc6 1-0

[Event "1MCR_3DE_1L_2S"]
[Site "?"]
[Date "2005.??.??"]
[Round "3"]
[White "Sedlaty, Martin"]
[Black "Trcka, Vaclav"]
[Result "1/2-1/2"]
[WhiteElo "1800"]
[BlackElo "2175"]
[PlyCount "66"]
[EventDate "2005.??.??"]
[EventType "corr"]
[SourceDate "2005.03.20"]

1. c4 e5 2. Nc3 Nf6 3. Nf3 Nc6 4. d4 exd4 5. Nxd4 Bb4 6. Bg5 h6 7. Bh4 Bxc3+ 8.
bxc3 d6 9. Nxc6 bxc6 10. c5 Qe7 11. Qd4 Rb8 12. cxd6 cxd6 13. Bxf6 Qxf6 14.
Qxf6 gxf6 15. O-O-O Ke7 16. Rd4 Rb7 17. Rb4 Rxb4 18. cxb4 Be6 19. e4 Rb8 20. a3
c5 21. b5 f5 22. exf5 Bb3 23. Kd2 c4 24. Kc3 d5 25. Be2 Kd6 26. Kd4 Rxb5 27.
Rb1 Ra5 28. Ra1 Bc2 29. f6 Rb5 30. Rc1 Bf5 31. Rc3 Rb2 32. Re3 Bc2 33. Bh5 Be4
1/2-1/2

[Event "1MCR_3DE_1L_2S"]
[Site "?"]
[Date "2005.??.??"]
[Round "2"]
[White "Soucha, Stepan"]
[Black "Trcka, Vaclav"]
[Result "1-0"]
[WhiteElo "2335"]
[BlackElo "2175"]
[PlyCount "39"]
[EventDate "2005.??.??"]
[EventType "corr"]
[SourceDate "2005.03.20"]

1. d4 Nf6 2. c4 g6 3. Nc3 Bg7 4. e4 d6 5. Be2 O-O 6. Nf3 e5 7. O-O Nc6 8. d5
Ne7 9. b4 Nh5 10. Re1 Nf4 11. Bf1 h6 12. c5 a6 13. Nd2 Bd7 14. Nc4 Nc8 15. a4
Qf6 16. Be3 Rb8 17. a5 Rd8 18. Qd2 g5 19. Rab1 Qg6 20. b5 1-0

[Event "1MCR_3DE_1L_3S"]
[Site "?"]
[Date "2005.??.??"]
[Round "3"]
[White "Cakl, Zdenek"]
[Black "Peroutik, Jiri"]
[Result "1-0"]
[WhiteElo "2139"]
[BlackElo "1822"]
[PlyCount "43"]
[EventDate "2005.??.??"]
[EventType "corr"]
[SourceDate "2005.03.20"]

1. e4 e6 2. d4 d5 3. Nd2 Nf6 4. e5 Nfd7 5. f4 c5 6. c3 Nc6 7. Ngf3 cxd4 8. Nxd4
Nxd4 9. cxd4 Nb8 10. Be2 Qb6 11. Nf3 Bb4+ 12. Kf2 O-O 13. Be3 Nc6 14. Qd3 Be7
15. a3 f6 16. b4 fxe5 17. dxe5 Qd8 18. h4 Qe8 19. h5 Qf7 20. Bd1 Qf5 21. Qxf5
Rxf5 22. Ba4 1-0

[Event "1MCR_3DE_1L_3S"]
[Site "?"]
[Date "2005.??.??"]
[Round "3"]
[White "Peroutik, Jiri"]
[Black "Portych, Vaclav"]
[Result "0-1"]
[WhiteElo "1822"]
[BlackElo "2024"]
[PlyCount "59"]
[EventDate "2005.??.??"]
[EventType "corr"]
[SourceDate "2005.03.20"]

1. e4 c5 2. f4 d5 3. exd5 Qxd5 4. Nc3 Qe6+ 5. Be2 Nf6 6. Nf3 g6 7. d4 Bg7 8.
dxc5 O-O 9. O-O Nc6 10. Re1 Qf5 11. Be3 Ng4 12. Bd3 Nxe3 13. Bxf5 Nxd1 14. Bxc8
Nxb2 15. Bxb7 Bxc3 16. Bxc6 Rac8 17. Re3 Bf6 18. Bb7 Nc4 19. Ree1 Rxc5 20. Rad1
Nd6 21. Bd5 Rxc2 22. Ne5 Rfc8 23. Bb3 R2c7 24. g3 Kg7 25. Kg2 h5 26. Re3 Rc5
27. Nd7 Rc3 28. Red3 R3c7 29. Nxf6 Kxf6 30. Kf3 0-1

[Event "1MCR_3DE_1L_1S"]
[Site "?"]
[Date "2005.??.??"]
[Round "1"]
[White "Baciak, Miloslav"]
[Black "Tomisek, Petr"]
[Result "0-1"]
[WhiteElo "1895"]
[BlackElo "2170"]
[PlyCount "118"]
[EventDate "2005.??.??"]
[EventType "corr"]
[SourceDate "2005.03.20"]

1. e4 e5 2. Nf3 Nc6 3. Bb5 f5 4. Nc3 Nf6 5. Qe2 Qe7 6. exf5 e4 7. Bxc6 bxc6 8.
Ng5 d5 9. Ne6 Bxe6 10. fxe6 Qxe6 11. d3 Bb4 12. Bd2 O-O 13. a3 Bc5 14. dxe4
Rae8 15. f3 dxe4 16. O-O-O e3 17. Be1 Nd5 18. Qc4 Nxc3 19. Qxe6+ Rxe6 20. Bxc3
Rg6 21. g3 Rxf3 22. Rhe1 Re6 23. Rd8+ Kf7 24. Rd3 Bb6 25. a4 a5 26. Kd1 g5 27.
Rd7+ Kg6 28. Rg7+ Kh6 29. Rd7 g4 30. Bd4 c5 31. Bh8 Re4 32. Bg7+ Kg6 33. Bc3 h5
34. Rg7+ Kh6 35. Rg8 Rxa4 36. Rh8+ Kg6 37. Ke2 c4 38. Rg8+ Kf7 39. Rg7+ Ke6 40.
Rg6+ Kd7 41. Rd1+ Kc8 42. Be1 Rf5 43. Rb1 Ra2 44. Rc6 Bc5 45. Rxc5 Rxc5 46. Bc3
a4 47. Kxe3 a3 48. bxa3 Rxc2 49. Kd4 Rc6 50. Bb4 c3 51. Kd5 Kd7 52. Bc5 Rxh2
53. Rc1 c2 54. a4 Rd2+ 55. Kc4 h4 56. gxh4 g3 57. Kb4 Rxc5 58. Kxc5 g2 59. Kb4
Rd1 0-1

[Event "1MCR_3DE_1L_1S"]
[Site "?"]
[Date "2005.??.??"]
[Round "1"]
[White "Alexa, Jaroslav"]
[Black "Necesany, Zdenek"]
[Result "1-0"]
[WhiteElo "2341"]
[BlackElo "2215"]
[PlyCount "73"]
[EventDate "2005.??.??"]
[EventType "corr"]
[SourceDate "2005.03.20"]

1. d4 Nf6 2. Nf3 d5 3. c4 e6 4. Nc3 c6 5. Bg5 dxc4 6. e4 b5 7. e5 h6 8. Bh4 g5
9. Nxg5 hxg5 10. Bxg5 Nbd7 11. g3 Bb7 12. Bg2 Qb6 13. exf6 O-O-O 14. O-O c5 15.
d5 b4 16. Na4 Qa6 17. a3 Bxd5 18. Bxd5 Ne5 19. axb4 Rxd5 20. Qe2 cxb4 21. Nc3
Qc6 22. Bf4 bxc3 23. Bxe5 Rd2 24. Qe1 Bc5 25. bxc3 Rhd8 26. Bd4 Rb2 27. Bxc5
Qxc5 28. Qe4 Rd7 29. Rab1 Rdb7 30. Rxb2 Rxb2 31. h4 Kb8 32. Qg4 Qc8 33. h5 e5
34. Qg7 Qe8 35. h6 Ka8 36. h7 Rb8 37. Qg4 1-0

[Event "1MCR_3DE_1L_3S"]
[Site "?"]
[Date "2005.??.??"]
[Round "3"]
[White "Nepustil, Frantisek"]
[Black "Mika, Petr"]
[Result "1-0"]
[WhiteElo "2200"]
[BlackElo "1715"]
[PlyCount "61"]
[EventDate "2005.??.??"]
[EventType "corr"]
[SourceDate "2005.03.20"]

1. e4 e6 2. d4 d5 3. e5 b6 4. Nf3 Ne7 5. c3 Qd7 6. Na3 Ba6 7. Bxa6 Nxa6 8. Qd3
Nb8 9. h4 h5 10. Bg5 Nf5 11. Nc2 c5 12. Ne3 c4 13. Qc2 Nh6 14. b3 b5 15. bxc4
bxc4 16. Rb1 Nc6 17. O-O Be7 18. Bxe7 Nxe7 19. Rb2 Nef5 20. Rfb1 O-O 21. Rb7
Qc6 22. Ng5 g6 23. Nxf5 Nxf5 24. f3 Qe8 25. g4 Ne7 26. gxh5 Nf5 27. hxg6 fxg6
28. f4 Ne3 29. Qe2 Nf5 30. Nh7 Qd8 31. Qg4 1-0

[Event "1MCR_3DE_1L_2S"]
[Site "?"]
[Date "2005.??.??"]
[Round "2"]
[White "Pytlik, Lesek"]
[Black "Sedlaty, Martin"]
[Result "1-0"]
[WhiteElo "2367"]
[BlackElo "1800"]
[PlyCount "99"]
[EventDate "2005.??.??"]
[EventType "corr"]
[SourceDate "2005.03.20"]

1. e4 e5 2. Nf3 Nf6 3. Nxe5 d6 4. Nf3 Nxe4 5. d4 d5 6. Bd3 Bd6 7. O-O O-O 8. c4
c6 9. Re1 Bg4 10. h3 Bf5 11. Qb3 Na6 12. cxd5 Nec5 13. dxc5 Nxc5 14. Bxf5 Nxb3
15. axb3 Re8 16. Rxe8+ Qxe8 17. Nc3 Bc5 18. Ne4 Qd8 19. Nxc5 Qxd5 20. Nxb7 Qxf5
21. Be3 Qb5 22. Na5 c5 23. Nd2 Rc8 24. Nac4 Rc7 25. Rc1 h6 26. Nd6 Qe2 27. N6e4
Re7 28. Rxc5 Qd3 29. Rc3 Qd8 30. g4 Qd5 31. Rc5 Qd7 32. f3 Kh7 33. Kg2 a6 34.
Bf2 Re6 35. Rc3 Qd8 36. Nc4 Qd5 37. Ne3 Qa8 38. Rc4 Qb8 39. Nf5 Kg8 40. b4 Qd8
41. Bd4 f6 42. Bf2 Kh8 43. b3 Qe8 44. Ned6 Qd7 45. Rc8+ Kh7 46. Bc5 g6 47. Rf8
gxf5 48. Rf7+ Qxf7 49. Nxf7 fxg4 50. hxg4 1-0

[Event "1MCR_3DE_1L_3S"]
[Site "?"]
[Date "2005.??.??"]
[Round "3"]
[White "Bednarik, Radovan"]
[Black "Schwarz, Jan"]
[Result "0-1"]
[WhiteElo "2201"]
[BlackElo "2295"]
[PlyCount "112"]
[EventDate "2005.??.??"]
[EventType "corr"]
[SourceDate "2005.03.20"]

1. d4 Nf6 2. c4 e6 3. Nf3 b6 4. e3 Bb7 5. Bd3 d5 6. cxd5 exd5 7. O-O Bd6 8. Nc3
O-O 9. Nh4 g6 10. Nb5 Be7 11. Nf3 a6 12. Nc3 Bd6 13. b3 Ne4 14. Qc2 Re8 15. Bb2
Nd7 16. Rfd1 Ng5 17. Ne5 Nxe5 18. dxe5 Rxe5 19. Be2 Qe7 20. Rd3 Re8 21. Rad1
Qe6 22. Bc1 d4 23. exd4 Nf3+ 24. Rxf3 Rxe2 25. Nxe2 Bxf3 26. gxf3 Qxe2 27. Qxe2
Rxe2 28. Bd2 Kg7 29. Kf1 Re8 30. h3 Kf6 31. Bc3 Bf4 32. a3 h5 33. Bd2 Kf5 34.
Bxf4 Kxf4 35. Rc1 Re7 36. Kg2 g5 37. a4 a5 38. h4 gxh4 39. Kh3 Kxf3 40. Kxh4
Kxf2 41. Kxh5 c5 42. dxc5 Re5+ 43. Kg4 Rxc5 44. Rh1 Ke3 45. Rh6 f5+ 46. Kg3 f4+
47. Kg4 f3 48. Rh3 Ke4 49. Rxf3 Rg5+ 50. Kxg5 Kxf3 51. Kf5 Ke3 52. Ke5 Kd3 53.
Kd6 Kc3 54. Kc6 Kxb3 55. Kxb6 Kxa4 56. Kc5 Kb3 0-1

[Event "1MCR_3DE_1L_3S"]
[Site "?"]
[Date "2005.??.??"]
[Round "3"]
[White "Motejzik, Jaroslav"]
[Black "Svrsek, Radomir"]
[Result "1/2-1/2"]
[WhiteElo "2000"]
[BlackElo "2190"]
[PlyCount "118"]
[EventDate "2005.??.??"]
[EventType "corr"]
[SourceDate "2005.03.20"]

1. d4 Nf6 2. c4 e6 3. Nc3 d5 4. cxd5 exd5 5. Bg5 c6 6. Qc2 Be7 7. e3 O-O 8. Bd3
Nbd7 9. Nf3 Re8 10. O-O Nf8 11. h3 Ne4 12. Bf4 f5 13. Ne5 Bd6 14. f3 Nxc3 15.
bxc3 Bxe5 16. Bxe5 Ng6 17. f4 Rf8 18. Rf2 Be6 19. Raf1 Rf7 20. g4 Qd7 21. c4
dxc4 22. Bxc4 Bxc4 23. Qxc4 Re8 24. Rg2 fxg4 25. Rxg4 a5 26. Kh2 b5 27. Qe2 c5
28. dxc5 Nxe5 29. fxe5 Rxf1 30. Qxf1 Rxe5 31. Rf4 Qe8 32. a4 Rxc5 33. axb5 h6
34. b6 Rc2+ 35. Kh1 Rb2 36. Qc4+ Kh8 37. Qe4 Qc8 38. Qf3 Qc1+ 39. Qf1 Qxf1+ 40.
Rxf1 Rxb6 41. Rf8+ Kh7 42. Ra8 Rb5 43. Ra6 g5 44. Kg2 h5 45. h4 g4 46. Kg3 Rf5
47. Kg2 Rc5 48. Kg3 Rb5 49. Kf4 Rb4+ 50. Kg3 a4 51. Ra5 Kg6 52. Ra6+ Kf7 53.
Ra5 a3 54. Rxa3 Re4 55. Kf2 Kf6 56. Ra6+ Re6 57. Ra8 Re5 58. Rh8 Kg6 59. Ra8
Rf5+ 1/2-1/2

[Event "1MCR_3DE_1L_1S"]
[Site "?"]
[Date "2005.??.??"]
[Round "1"]
[White "Pauschek, Roman"]
[Black "Tomisek, Petr"]
[Result "1/2-1/2"]
[WhiteElo "2172"]
[BlackElo "2170"]
[PlyCount "74"]
[EventDate "2005.??.??"]
[EventType "corr"]
[SourceDate "2005.03.20"]

1. e4 e5 2. Nf3 Nc6 3. Bb5 f5 4. Nc3 Nf6 5. exf5 Bb4 6. O-O O-O 7. d4 e4 8. Ne5
Qe8 9. Ng4 Bxc3 10. bxc3 Nxg4 11. Bc4+ Kh8 12. Qxg4 d6 13. Be6 Ne7 14. Qxe4
Nxf5 15. Bd5 Qg6 16. Qf4 c6 17. Be4 Be6 18. Bd3 Qf7 19. Ba3 Rad8 20. Rfe1 Bd5
21. Bxf5 Qxf5 22. Qxf5 Rxf5 23. Re7 Rf7 24. Bxd6 Rxe7 25. Bxe7 Re8 26. Bb4 Re2
27. a4 g5 28. h3 Kg7 29. a5 Rxc2 30. a6 b6 31. Bd6 Re2 32. f3 h5 33. Bb8 Re7
34. Kf2 Bc4 35. Re1 Rxe1 36. Kxe1 Bxa6 37. Bxa7 b5 1/2-1/2

[Event "1MCR_3DE_1L_3S"]
[Site "?"]
[Date "2005.??.??"]
[Round "3"]
[White "Motejzik, Jaroslav"]
[Black "Hlavacek, Ladislav"]
[Result "0-1"]
[WhiteElo "2000"]
[BlackElo "2005"]
[PlyCount "110"]
[EventDate "2005.??.??"]
[EventType "corr"]
[SourceDate "2005.03.20"]

1. d4 d5 2. c4 e6 3. Nc3 c6 4. Nf3 Nf6 5. Bg5 Bb4 6. e3 Qa5 7. Bxf6 Bxc3+ 8.
bxc3 Qxc3+ 9. Nd2 gxf6 10. cxd5 exd5 11. Rb1 Nd7 12. Rb3 Qa5 13. Qc2 Nb6 14.
Be2 Rg8 15. O-O Rg7 16. f3 Kf8 17. Bd3 Kg8 18. Rfb1 Bh3 19. g3 Bc8 20. Qc1 Nd7
21. Bf5 Qd8 22. Rxb7 Bxb7 23. Rxb7 Nf8 24. Qxc6 Qa5 25. Nf1 Qxa2 26. Bc2 Qc4
27. Qxc4 dxc4 28. Rc7 Rg5 29. Rxc4 Ra5 30. Ba4 Rb8 31. e4 f5 32. Ne3 fxe4 33.
fxe4 Ra6 34. Kf2 Rab6 35. Ke2 Rb4 36. Kd3 Ne6 37. Nf5 Kf8 38. Bc6 Rb3+ 39. Rc3
a5 40. Ba4 Rxc3+ 41. Kxc3 Nc7 42. Bc6 Nb5+ 43. Bxb5 Rxb5 44. Nd6 Rb8 45. Nc4 a4
46. d5 f6 47. Kd4 Rb3 48. Nd2 Rb5 49. Nc4 Rb2 50. Kc3 Rxh2 51. Kb4 Rg2 52. Kxa4
Rxg3 53. Kb5 h5 54. Nd6 h4 55. Nf5 Rg4 0-1

[Event "1MCR_3DE_1L_1S"]
[Site "?"]
[Date "2005.??.??"]
[Round "1"]
[White "Alexa, Jaroslav"]
[Black "Lounek, Jan"]
[Result "1/2-1/2"]
[WhiteElo "2341"]
[BlackElo "2380"]
[PlyCount "71"]
[EventDate "2005.??.??"]
[EventType "corr"]
[SourceDate "2005.03.20"]

1. d4 Nf6 2. c4 e6 3. Nc3 Bb4 4. e3 O-O 5. Bd3 d5 6. Nf3 c5 7. O-O cxd4 8. exd4
dxc4 9. Bxc4 a6 10. a3 Bxc3 11. bxc3 Qc7 12. Ne5 Nbd7 13. Bf4 Nxe5 14. Bb3 Qxc3
15. dxe5 Nd5 16. Bxd5 exd5 17. Qxd5 Qc2 18. Rfd1 Rb8 19. Qf3 Be6 20. Rd6 Qf5
21. Qg3 Rbc8 22. h3 Kh8 23. Rad1 Rfe8 24. a4 b5 25. a5 b4 26. Rxa6 Qc2 27. Rad6
b3 28. R6d2 Qc4 29. Ra1 Bf5 30. e6 Rxe6 31. Be5 Rg6 32. Qe3 Qc6 33. f4 Qb5 34.
a6 Rxa6 35. Rxa6 Qxa6 36. Qxb3 1/2-1/2

[Event "1MCR_3DE_1L_2S"]
[Site "?"]
[Date "2005.??.??"]
[Round "2"]
[White "Cakl, Miloslav"]
[Black "Hlavac, Frantisek"]
[Result "1/2-1/2"]
[WhiteElo "1907"]
[BlackElo "2355"]
[PlyCount "59"]
[EventDate "2005.??.??"]
[EventType "corr"]
[SourceDate "2005.03.20"]

1. e4 e6 2. d4 d5 3. Nc3 Nf6 4. Bg5 Bb4 5. e5 h6 6. Bd2 Bxc3 7. bxc3 Ne4 8. Qg4
Kf8 9. Qf4 c5 10. Bd3 Nxd2 11. Qxd2 Nc6 12. Nf3 Qa5 13. dxc5 Qxc5 14. O-O b6
15. c4 dxc4 16. Be4 Bb7 17. Qf4 Ke7 18. Qg4 Rag8 19. Rad1 b5 20. Qg3 g5 21.
Bxc6 Bxc6 22. Nd4 Rc8 23. f4 gxf4 24. Qxf4 Rh7 25. Rf2 Bd5 26. c3 a5 27. Nc2 b4
28. Ne3 bxc3 29. Kh1 Rd8 30. Rdf1 1/2-1/2

[Event "1MCR_3DE_1L_1S"]
[Site "?"]
[Date "2005.??.??"]
[Round "1"]
[White "Svoboda, Frantisek"]
[Black "Hruby, Jaromil"]
[Result "1-0"]
[WhiteElo "2391"]
[BlackElo "2053"]
[PlyCount "55"]
[EventDate "2005.??.??"]
[EventType "corr"]
[SourceDate "2005.03.20"]

1. c4 Nf6 2. Nc3 e6 3. e4 d5 4. e5 d4 5. exf6 dxc3 6. bxc3 Qxf6 7. d4 e5 8. Nf3
exd4 9. Bg5 Qe6+ 10. Be2 f6 11. Nxd4 Qf7 12. Bh6 g6 13. Qd2 Na6 14. O-O Bxh6
15. Qxh6 Bd7 16. Rfb1 O-O-O 17. Qc1 Qe7 18. c5 Nxc5 19. Qa3 Ba4 20. Bb5 Bxb5
21. Nxb5 Rd5 22. Re1 Re5 23. Nxa7+ Kd7 24. Rad1+ Ke8 25. Rxe5 Qxe5 26. Nc6 Qe2
27. Rf1 bxc6 28. Qa8+ 1-0

[Event "1MCR_3DE_1L_3S"]
[Site "?"]
[Date "2005.??.??"]
[Round "3"]
[White "Nepustil, Frantisek"]
[Black "Cakl, Zdenek"]
[Result "1-0"]
[WhiteElo "2200"]
[BlackElo "2139"]
[PlyCount "61"]
[EventDate "2005.??.??"]
[EventType "corr"]
[SourceDate "2005.03.20"]

1. e4 c5 2. d4 cxd4 3. c3 d5 4. exd5 Qxd5 5. cxd4 e5 6. Nc3 Qxd4 7. Bd3 Bb4 8.
Nge2 Qh4 9. O-O Nc6 10. Nb5 Kf8 11. Be3 Nh6 12. Qc2 Bd7 13. f3 a6 14. a3 Be7
15. Nbc3 Rc8 16. Bf2 Qf6 17. Rad1 Bf5 18. Nd5 Qe6 19. Qb3 Bxd3 20. Rxd3 Nf5 21.
Re1 Na5 22. Qa4 Nc6 23. Nef4 Qh6 24. Nb6 Re8 25. Nd7+ Kg8 26. Nxe5 Bf8 27. Nxc6
Qxc6 28. Qxc6 Rxe1+ 29. Bxe1 bxc6 30. Rd8 f6 31. Rd7 1-0

[Event "1MCR_3DE_1L_3S"]
[Site "?"]
[Date "2005.??.??"]
[Round "3"]
[White "Mikoska, Josef"]
[Black "Mika, Petr"]
[Result "1-0"]
[WhiteElo "2134"]
[BlackElo "1715"]
[PlyCount "101"]
[EventDate "2005.??.??"]
[EventType "corr"]
[SourceDate "2005.03.20"]

1. e4 e6 2. f4 d5 3. e5 c5 4. Nf3 Nc6 5. c3 Nge7 6. Be2 Bd7 7. O-O Qb6 8. Na3
c4+ 9. Kh1 Ng6 10. d3 Bxa3 11. bxa3 cxd3 12. Qxd3 Qc7 13. Be3 Na5 14. f5 exf5
15. Qxd5 Nc6 16. Rad1 Be6 17. Qd6 Qd7 18. Qc5 Qc7 19. Nd4 Qe7 20. Nxe6 fxe6 21.
Qb5 Qc7 22. Bc5 Nf8 23. Bd6 Qc8 24. Bc4 a6 25. Qb6 h5 26. Rf2 Rh6 27. Rfd2 h4
28. Bb3 Nd7 29. Qe3 Kf7 30. Rf1 Kg8 31. Rxf5 Qd8 32. Rdf2 Qe8 33. Qg5 Qg6 34.
Qf4 Rc8 35. Rf7 Ndxe5 36. Rf8+ Rxf8 37. Qxf8+ Kh7 38. Bc2 Qxc2 39. Rxc2 Rf6 40.
Qxf6 gxf6 41. Rb2 Nc4 42. Rxb7+ Kg6 43. Rc7 N6e5 44. Bxe5 Nxe5 45. Ra7 Nd3 46.
Rxa6 e5 47. Kg1 Kf5 48. a4 e4 49. Rb6 e3 50. Kf1 Ke5 51. a5 1-0

[Event "1MCR_3DE_1L_2S"]
[Site "?"]
[Date "2005.??.??"]
[Round "2"]
[White "Pytlik, Lesek"]
[Black "Janous, Petr"]
[Result "1/2-1/2"]
[WhiteElo "2367"]
[BlackElo "2270"]
[PlyCount "72"]
[EventDate "2005.??.??"]
[EventType "corr"]
[SourceDate "2005.03.20"]

1. e4 c5 2. Nf3 d6 3. d4 cxd4 4. Nxd4 Nf6 5. Nc3 a6 6. Bg5 e6 7. f4 Qb6 8. Nb3
Be7 9. Qf3 Qc7 10. Bd3 Nbd7 11. O-O-O b5 12. Kb1 b4 13. Ne2 Bb7 14. g4 O-O 15.
Bxf6 Nxf6 16. g5 Nd7 17. h4 a5 18. Nbd4 Nc5 19. h5 a4 20. g6 h6 21. gxf7+ Rxf7
22. Rhg1 Bf6 23. Qe3 b3 24. cxb3 axb3 25. a3 Nxd3 26. Qxd3 Ra4 27. f5 e5 28.
Nb5 Bxe4 29. Nxc7 Rxc7 30. Nc3 Bxd3+ 31. Rxd3 e4 32. Rxd6 Bxc3 33. bxc3 Rxa3
34. Rxh6 b2 35. Kxb2 Raxc3 36. f6 Rc2+ 1/2-1/2

[Event "1MCR_3DE_1L_2S"]
[Site "?"]
[Date "2005.??.??"]
[Round "2"]
[White "Sedlaty, Martin"]
[Black "Cakl, Miloslav"]
[Result "1/2-1/2"]
[WhiteElo "1800"]
[BlackElo "1907"]
[PlyCount "91"]
[EventDate "2005.??.??"]
[EventType "corr"]
[SourceDate "2005.03.20"]

1. d4 Nf6 2. c4 e6 3. Nf3 b6 4. e3 Bb7 5. Bd3 d5 6. cxd5 exd5 7. Nc3 Bd6 8.
Qa4+ Nc6 9. Bb5 Qd7 10. Ne5 Bxe5 11. dxe5 Ng8 12. f4 a6 13. Be2 d4 14. exd4
Qxd4 15. Qxd4 Nxd4 16. Bd3 Rd8 17. Kf2 f6 18. Re1 fxe5 19. Rxe5+ Kf8 20. h3 Nf6
21. g4 c5 22. Re3 Bc8 23. g5 Ne8 24. b3 Nc7 25. Bb2 h6 26. g6 Nf5 27. Bxf5 Bxf5
28. Na4 Rd2+ 29. Ke1 Rh2 30. Be5 Ne8 31. Nxb6 h5 32. Rd1 Rh1+ 33. Kd2 Rh2+ 34.
Re2 Rxh3 35. Kc1 Rd3 36. Rg1 Rh6 37. Na4 Bg4 38. Rc2 Rxg6 39. Nxc5 Rf3 40. Kb2
Kf7 41. b4 Rc6 42. Rd2 Nf6 43. a4 Rb6 44. Rd4 Rf2+ 45. Kc3 Rc6 46. a5 1/2-1/2

[Event "1MCR_3DE_1L_3S"]
[Site "?"]
[Date "2005.??.??"]
[Round "3"]
[White "Valak, Alois"]
[Black "Nepustil, Frantisek"]
[Result "1/2-1/2"]
[WhiteElo "2250"]
[BlackElo "2200"]
[PlyCount "95"]
[EventDate "2005.??.??"]
[EventType "corr"]
[SourceDate "2005.03.20"]

1. e4 d5 2. exd5 Nf6 3. Nf3 Nxd5 4. d4 Bg4 5. h3 Bxf3 6. Qxf3 e6 7. Bc4 c6 8.
c3 Nd7 9. Nd2 Be7 10. O-O O-O 11. Re1 Bg5 12. Bb3 Qc7 13. Ne4 Bxc1 14. Raxc1
Qf4 15. Qxf4 Nxf4 16. Rcd1 Rfd8 17. g3 Nd5 18. a3 N7f6 19. Nc5 Rab8 20. Nd3 h5
21. Kg2 g6 22. Ne5 Kg7 23. h4 Nd7 24. Re2 Nxe5 25. dxe5 Kf8 26. Red2 Ke7 27. a4
a5 28. Kf3 Rd7 29. Ke2 Rbd8 30. Bc2 Nb6 31. Rxd7+ Rxd7 32. Rxd7+ Nxd7 33. f4
Nb6 34. Ke3 Nd5+ 35. Ke4 Kd7 36. Kd4 Kc7 37. f5 gxf5 38. Bd1 f4 39. gxf4 Nxf4
40. Ke4 Ng6 41. Bxh5 Nxh4 42. Bxf7 Kd7 43. Bh5 Nf5 44. Bf3 Ne7 45. Kd4 Nf5+ 46.
Kc4 Ne7 47. Kd4 Nf5+ 48. Ke4 1/2-1/2

[Event "1MCR_3DE_1L_3S"]
[Site "?"]
[Date "2005.??.??"]
[Round "3"]
[White "Schwarz, Jan"]
[Black "Mikoska, Josef"]
[Result "0-1"]
[WhiteElo "2295"]
[BlackElo "2134"]
[PlyCount "120"]
[EventDate "2005.??.??"]
[EventType "corr"]
[SourceDate "2005.03.20"]

1. e4 e5 2. Nf3 Nc6 3. Bb5 a6 4. Ba4 Nf6 5. O-O Be7 6. Re1 b5 7. Bb3 d6 8. c3
O-O 9. h3 Bb7 10. d4 Re8 11. Nbd2 Bf8 12. d5 Nb8 13. Nf1 Nbd7 14. Ng3 h6 15.
Nh2 Nc5 16. Bc2 c6 17. Ng4 cxd5 18. Nxf6+ Qxf6 19. exd5 Qh4 20. Nf5 Qc4 21. Ne3
Qh4 22. b4 Nd7 23. a4 Nf6 24. Qd3 e4 25. Qd4 Re5 26. Bb3 Rae8 27. axb5 axb5 28.
Ra5 Bc8 29. Nf1 Bxh3 30. gxh3 Qxh3 31. Re3 Qh4 32. Ra2 Rg5+ 33. Rg3 Rh5 34. f3
Qh1+ 35. Kf2 Rhe5 36. Bf4 Rf5 37. Be3 Rxf3+ 38. Rxf3 exf3 39. Ke1 Ne4 40. Qd3
Ng3 41. Rf2 Qg1 42. Rxf3 Nxf1 43. Qxf1 Rxe3+ 44. Kd2 Qxf1 45. Rxf1 Rh3 46. Bd1
g5 47. Bg4 Rh2+ 48. Kd3 h5 49. Bd7 Bg7 50. Bxb5 Rh3+ 51. Ke4 Bxc3 52. Bd7 Rh4+
53. Kf5 g4 54. b5 g3 55. Rg1 Rg4 56. b6 Be5 57. b7 Rb4 58. Kg5 Rxb7 59. Bh3 Rb2
60. Kxh5 Rh2 0-1

[Event "1MCR_3DE_1L_3S"]
[Site "?"]
[Date "2005.??.??"]
[Round "3"]
[White "Mika, Petr"]
[Black "Schwarz, Jan"]
[Result "1/2-1/2"]
[WhiteElo "1715"]
[BlackElo "2295"]
[PlyCount "76"]
[EventDate "2005.??.??"]
[EventType "corr"]
[SourceDate "2005.03.20"]

1. d4 Nf6 2. Bg5 Ne4 3. Bf4 c5 4. f3 Qa5+ 5. c3 Nf6 6. Nd2 cxd4 7. Nb3 Qd8 8.
cxd4 d5 9. e3 e6 10. g4 Bb4+ 11. Kf2 g5 12. Be5 h5 13. a3 Be7 14. gxh5 Nc6 15.
Bb5 Bd7 16. Bxf6 Bxf6 17. Ne2 Rxh5 18. Nc5 Ke7 19. Nxd7 Qxd7 20. Ng3 Rh4 21.
Rc1 Rc8 22. Qc2 a6 23. Bd3 g4 24. f4 Na7 25. Qd1 Nb5 26. Rxc8 Qxc8 27. Bxb5
axb5 28. Kg2 b4 29. axb4 Kd7 30. f5 Bg5 31. fxe6+ fxe6 32. Qd3 Qc4 33. Qxc4
dxc4 34. e4 Be3 35. Re1 Bd2 36. Ra1 Be3 37. Re1 Bd2 38. Ra1 Bc3 1/2-1/2

[Event "1MCR_3DE_1L_2S"]
[Site "?"]
[Date "2005.??.??"]
[Round "2"]
[White "Pravec, Ladislav"]
[Black "Cakl, Miloslav"]
[Result "1-0"]
[WhiteElo "2381"]
[BlackElo "1907"]
[PlyCount "105"]
[EventDate "2005.??.??"]
[EventType "corr"]
[SourceDate "2005.03.20"]

1. d4 Nf6 2. c4 e6 3. Nf3 b6 4. g3 Bb7 5. Bg2 Be7 6. O-O O-O 7. b3 d5 8. cxd5
Nxd5 9. Bb2 Nd7 10. Nbd2 f5 11. e3 Qe8 12. Rc1 Rd8 13. Nc4 c5 14. Qe2 Qh5 15.
Rfd1 N5f6 16. Rd2 Qh6 17. dxc5 Nxc5 18. Rxd8 Rxd8 19. Nce5 Rc8 20. b4 Nce4 21.
Rxc8+ Bxc8 22. Nd4 Bb7 23. Qc4 Nd5 24. Nec6 Bxc6 25. Qxc6 Kf7 26. a3 Qf6 27. g4
g6 28. Qc2 e5 29. Nc6 Qe6 30. Nxe5+ Kg8 31. gxf5 gxf5 32. Bh3 Ndf6 33. Qc6 Nd6
34. Bf1 Qc8 35. Bd4 Kf8 36. Qxc8+ Nxc8 37. Nc6 Ne4 38. Bd3 Ned6 39. f3 Bg5 40.
e4 fxe4 41. fxe4 b5 42. Nxa7 Nxa7 43. Bxa7 Kf7 44. e5 Nc8 45. Bf2 Ke6 46. Bxb5
Kxe5 47. a4 Nd6 48. Bf1 Ne4 49. Ba7 Nd2 50. a5 Kd5 51. Be2 Bf4 52. a6 Nc4 53.
b5 1-0

[Event "1MCR_3DE_1L_1S"]
[Site "?"]
[Date "2005.??.??"]
[Round "1"]
[White "Pauschek, Roman"]
[Black "Baciak, Miloslav"]
[Result "1/2-1/2"]
[WhiteElo "2172"]
[BlackElo "1895"]
[PlyCount "106"]
[EventDate "2005.??.??"]
[EventType "corr"]
[SourceDate "2005.03.20"]

1. e4 e5 2. Nf3 Nc6 3. Bb5 a6 4. Ba4 Nf6 5. O-O Be7 6. Re1 b5 7. Bb3 d6 8. c3
O-O 9. h3 Nb8 10. d4 Nbd7 11. Nbd2 Bb7 12. Bc2 Re8 13. Nf1 Bf8 14. Ng3 g6 15.
a4 c5 16. d5 c4 17. Bg5 h6 18. Be3 Nc5 19. Qd2 h5 20. Bg5 Be7 21. Bh6 Bf8 22.
Bxf8 Rxf8 23. Qh6 Qe7 24. Ra2 Rfc8 25. Rea1 Nh7 26. Qe3 Rcb8 27. Ne2 Rf8 28.
axb5 axb5 29. Rxa8 Rxa8 30. Rxa8+ Bxa8 31. Nd2 Nf6 32. Kh2 Nfd7 33. b4 cxb3 34.
Nxb3 Nxb3 35. Bxb3 Nc5 36. Bc2 Qa7 37. Bd3 Qa5 38. Qd2 Bb7 39. Nc1 Bc8 40. Bc2
Bd7 41. f3 Qa3 42. Nd3 Kg7 43. Nxc5 dxc5 44. Bd1 h4 45. Be2 b4 46. cxb4 cxb4
47. Qg5 f6 48. Qxh4 b3 49. Qe1 b2 50. Qb1 Qc3 51. Bd3 Qd2 52. Qa2 Bb5 53. Bb1
Qf4+ 1/2-1/2